Anatomie et médecine par lettre - D - Statistiques

Statistiques générales
  • Ce quiz a été pris 2 021 fois
  • Le résultat moyen est 13 sur 22
Statistiques - réponses
Indice Réponse % Correct
Incisive, canine, prémolaire ou molaire Dent
99%
Composé de trois phalanges Doigt
97%
Processus qui transforme les aliments en nutriments pour le corps Digestion
93%
Maladie liée au taux de glucose dans le sang, peut être de trois types Diabète
90%
Muscle qui se contracte lors de l'inspiration et se relâche lors de l'expiration Diaphragme
88%
Hormone du plaisir Dopamine
84%
Manque d'eau qui perturbe le métabolisme Déshydratation
82%
Couche de la peau sous l'épiderme Derme
81%
Une machine traite l'insuffisance rénale en filtrant le sang Dialyse
67%
Premier segment de l’intestin grêle, il fait suite à l'estomac Duodénum
62%
Muscle de l'épaule qui permet de lever les bras Deltoïde
59%
Le relâchement du cœur après la systole Diastole
59%
Processus qui amène la nourriture de la bouche jusqu'à l'estomac Déglutition
52%
Processus qui consiste à faire passer un courant électrique dans le cœur pour rétablir un rythme cardiaque normal Défibrillation
50%
Prolongements ramifiés des neurones qui reçoivent les messages provenant d'autres neurones Dendrite
39%
Infection virale transmise par le moustique dans les pays tropicaux Dengue
39%
Terme médical utilisé pour désigner une difficulté respiratoire Dyspnée
39%
Partie centrale d'un os long Diaphyse
34%
Appelée ivoire pour les animaux, substance qui constitue la dent Dentine
29%
Substance qui augmente la quantité d'urine produite, pour traiter l'hypertension artérielle entre autres Diurétique
29%
Groupe de maladies neurodégénératives qui affecte la mémoire, l'attention et le language Démence
28%
Substance qui ralentit le système nerveux central, telle que l'alcool Dépresseur
5%
Aucun quiz correspondant
Distribution des résultats
% des personnes avec chaque résultat
Percentile par nombre de réponses
Votre historique - résultats
Vous n’avez pas pris ce quiz